Online
Catalog

Fray Antonio de Valdivieso : (Record no. 14720)

MARC details
000 -CABECERA
campo de control de longitud fija 00958cam a2200265 a 4500
001 - NÚMERO DE CONTROL
campo de control 000015148
005 - FECHA Y HORA DE LA ÚLTIMA TRANSACCIÓN
campo de control 20200929163952.0
008 - DATOS DE LONGITUD FIJA--INFORMACIÓN GENERAL
campo de control de longitud fija 020729s2001 nq a b 001 0bspa
020 ## - NÚMERO INTERNACIONAL ESTÁNDAR DEL LIBRO
Número Internacional Estándar del Libro 9992442387
035 ## - NÚMERO DE CONTROL DEL SISTEMA
Número de control de sistema (NcChVT)VT82NQ073
040 ## - FUENTE DE LA CATALOGACIÓN
Centro catalogador/agencia de origen DO-SdBNP
Centro/agencia transcriptor DLC
082 ## - NÚMERO DE LA CLASIFICACIÓN DECIMAL DEWEY
Número de clasificación 922.27285
Número de documento/Ítem V146G
049 ## - FONDOS LOCALES (OCLC)
Fondos de biblioteca BNGR
100 1# - ENTRADA PRINCIPAL--NOMBRE DE PERSONA
Nombre de persona Guido Martínez, Clemente
Fechas asociadas al nombre 1962-
9 (RLIN) 34280
245 10 - MENCIÓN DE TÍTULO
Título Fray Antonio de Valdivieso :
Resto del título pastor, profeta y mártir /
Mención de responsabilidad, etc. Clemente Guido Martínez ; editor Francisco Arellano Oviedo.
260 ## - PUBLICACIÓN, DISTRIBUCIÓN, ETC.
Lugar de publicación, distribución, etc. Managua :
Nombre del editor, distribuidor, etc. ANE :,
Fecha de publicación, distribución, etc. 2001.
300 ## - DESCRIPCIÓN FÍSICA
Extensión 170 p. :
Otras características físicas il. ;
Dimensiones 22 cm.
500 ## - NOTA GENERAL
Nota general Ppresentación por Carlos Tünnermann Bernheim.
504 ## - NOTA DE BIBLIOGRAFÍA, ETC.
Nota de bibliografía, etc. Incluye referencias bibliográficas.
600 10 - PUNTO DE ACCESO ADICIONAL DE MATERIA--NOMBRE DE PERSONA
Nombre de persona VALDIVIESO, ANTONIO DE,
Fechas asociadas al nombre d. 1550.
9 (RLIN) 34281
650 #4 - PUNTO DE ACCESO ADICIONAL DE MATERIA--TÉRMINO DE MATERIA
Término de materia o nombre geográfico como elemento de entrada Obispos
Subdivisión geográfica Nicaragua
Subdivisión de forma BIOGRAFÍA.
9 (RLIN) 34282
651 #4 - PUNTO DE ACCESO ADICIONAL DE MATERIA--NOMBRE GEOGRÁFICO
Nombre geográfico Nicaragua
Subdivisión general Iglesia
-- Historia
9 (RLIN) 34283
700 1# - PUNTO DE ACCESO ADICIONAL--NOMBRE DE PERSONA
Nombre de persona Arellano Oviedo, Francisco
Término indicativo de función/relación ed.
9 (RLIN) 23355
910 ## - DATOS DE OPCIÓN DEL USUARIO (OCLC)
Datos de opción del usuario Catalogación por copia / LC
Holdings
Estado de retiro Estado de pérdida Restricciones de uso No para préstamo Código de colección Localización permanente Ubicación/localización actual Ubicación en estantería Fecha de adquisición Número de inventario Total de préstamos Signatura topográfica completa Código de barras Fecha visto por última vez Precio válido a partir de Tipo de ítem Koha
    Préstamo interno   Monografías: Libros y Folletos General General En catalogación 01.02.2010 LF1   922.27285 V146G 15148-10 25.06.2020 25.06.2020 Préstamo interno

Powered by Koha